| 000 | 01680nam a22003737a 4500 | ||
|---|---|---|---|
| 001 | BRCA_9378 | ||
| 003 | FranzMayer | ||
| 005 | 20230918123944.0 | ||
| 008 | 230901b |||||||| |||| 00| 0 eng d | ||
| 020 | _a0847822540 | ||
| 040 |
_aMFM _bespañol _cMFM |
||
| 050 | 0 |
_aNK3430 _bL33 2000 |
|
| 110 | 1 |
_4Responsable _aLacma _929418 |
|
| 240 |
_aColor and Fire. Defining Moments in Studio Ceramics, 1950-2000. _hSelections from the Smiths Collection and Related Work at the Los Angeles County Museum of Art _lEnglish |
||
| 245 | 0 |
_aColor and Fire. Defining Moments in Studio Ceramics, 1950-2000. _bSelections from the Smiths Collection and Related Work at the Los Angeles County Museum of Art |
|
| 260 |
_aLos Angeles, EE.UU. _bLos Angeles County Museum of Art _c2000 |
||
| 300 |
_a251 p _bIlustraciones a color _c27 cm |
||
| 500 | _aAnexo 1 | ||
| 500 | _aEl libro se encuentra en tapa dura, con una sobrecubierta exterior. | ||
| 505 | _aTexto en: inglésIncluye índice temáticoIncluye bibliografíaDirigido a: artistas, artesanos e historiadores de arte. | ||
| 650 | 1 |
_2Artes decorativas _aArtes industriales _bCerámica _929419 |
|
| 651 | 2 |
_2Historia dela cerámica _aSiglo XX _v1950-2000 _929420 |
|
| 700 | 1 |
_4Responsable _aLauria, Jo _929421 |
|
| 700 | 1 |
_4Cont _aAdkins, Gretchen _929422 |
|
| 700 | 1 |
_4Cont _aClark, Garth _929423 |
|
| 700 | 1 |
_4Cont _aNiederlander, Rebecca _929424 |
|
| 700 | 1 |
_4Cont _aPeterson, Susana _929425 |
|
| 700 | 1 |
_4Cont _aSelz, Peler _929426 |
|
| 700 | 1 |
_4Edit _aGray, Margaret _929427 |
|
| 700 | 1 |
_4Diseñador _aGo, Katherine _929428 |
|
| 700 | 1 |
_4Fot. _aOliver, Steve _929429 |
|
| 700 | 1 |
_4Prod. _aWare-Zooi, Rachel _929430 |
|
| 942 |
_2lcc _cB |
||
| 999 |
_c11000 _d11000 |
||